5 Oceans Map Quiz - Statistics

General Stats
  • This quiz has been taken 3,587 times
  • The average score is 4 of 5
Answers on the Map
Answers color-coded by a green-red scale on the quiz's map according to % correct below.
 
Answer Stats
Answer % Correct
Atlantic Ocean
91%
Indian Ocean
91%
Arctic Ocean
90%
Pacific Ocean
88%
Southern Ocean
73%
No matching quizzes found
Score Distribution
Percent of People with Each Score
Percentile by Number Answered
Your Score History
You have not taken this quiz